[Event "AUS-ch Major"]
[Site "Cammeray"]
[Date "2018.01.11"]
[Round "10"]
[White "Ball, Christopher"]
[Black "Baterowicz, Mark"]
[Result "1-0"]
[WhiteElo "1874"]
[BlackElo "1732"]
[PlyCount "111"]
[EventDate "2018.01.02"]
[EventType "swiss"]
[EventRounds "11"]
[EventCountry "AUS"]
[SourceTitle "CBM 182 Extra"]
[Source "ChessBase"]
[SourceDate "2018.02.23"]
[SourceVersion "1"]
[SourceVersionDate "2018.02.23"]
[SourceQuality "1"]

1. e4 e5 2. Nf3 Nc6 3. Bc4 Bc5 4. 0-0 Nf6 5. Nc3 0-0 6. d3 h6 7. Be3 Bxe3 8. fxe3 Ng4 9. Qe1 d6 10. Nd5 Ne7 11. Nh4 Nxd5 12. Bxd5 c6 13. Bb3 d5 14. exd5 cxd5 15. Nf3 Qd6 16. h3 Nf6 17. Qg3 Re8 18. d4 Ne4 19. Qh2 Be6 20. Qxe5 Qxe5 21. Nxe5 Nd2 22. Rf2 Nxb3 23. axb3 a6 24. b4 f6 25. Nd3 Bf7 26. Re1 Re7 27. Rfe2 Rae8 28. Nc5 Bh5 29. g4 Bg6 30. Kf2 f5 31. Nd3 fxg4 32. Ne5 Rf8+ 33. Kg3 Be4 34. hxg4 Rc7 35. c3 g6 36. Rh2 Kg7 37. Rf2 Rxf2 38. Kxf2 h5 39. Kg3 hxg4 40. Kxg4 Rc8 41. Kg3 Rf8 42. b5 axb5 43. Ra1 Rf5 44. Ra7 Kh6 45. Rxb7 Rf1 46. Rxb5 Rg1+ 47. Kf2 Rg2+ 48. Kf1 Kg5 49. c4 dxc4 50. Nf3+ Kg4 51. Kxg2 Bxf3+ 52. Kf2 Be4 53. Re5 Bd3 54. d5 Bf5 55. d6 Bd7 56. Re7 1-0

[Event "AUS-ch Major"]
[Site "Cammeray"]
[Date "2018.01.05"]
[Round "5"]
[White "Baterowicz, Mark"]
[Black "Faizal, Shaheel"]
[Result "1-0"]
[WhiteElo "1732"]
[BlackElo "887"]
[PlyCount "117"]
[EventDate "2018.01.02"]
[EventType "swiss"]
[EventRounds "11"]
[EventCountry "AUS"]
[SourceTitle "CBM 182 Extra"]
[Source "ChessBase"]
[SourceDate "2018.02.23"]
[SourceVersion "1"]
[SourceVersionDate "2018.02.23"]
[SourceQuality "1"]

1. d4 d5 2. Nf3 Bf5 3. Bf4 Nf6 4. h3 Nc6 5. c3 e6 6. Nh4 Bg6 7. Nxg6 fxg6 8. Nd2 Bd6 9. Bxd6 Qxd6 10. e3 a6 11. Be2 0-0 12. Nf3 e5 13. dxe5 Nxe5 14. Qb3 b6 15. Rd1 b5 16. 0-0 Nxf3+ 17. Bxf3 c6 18. e4 Rad8 19. exd5 cxd5 20. Rfe1 Qc5 21. Rd4 Kh8 22. Red1 Ne4 23. Qc2 Nf6 24. Qd2 h6 25. Qd3 Kh7 26. h4 h5 27. a4 bxa4 28. Qxa6 Rb8 29. Qe2 Rfe8 30. Qd2 Red8 31. Rxa4 Ne4 32. Qe2 Ng3 33. Qe5 Ne4 34. Bxe4 Qb5 35. Rb4 Qd7 36. Qxh5+ Kg8 37. Bxg6 Rxb4 38. cxb4 Kf8 39. Qh8+ Ke7 40. Qxg7+ Kd6 41. Qxd7+ Rxd7 42. Be4 Ke5 43. f3 Rd6 44. Rxd5+ Rxd5 45. Bxd5 Kxd5 46. b5 Kc5 47. h5 Kxb5 48. h6 Kb4 49. h7 Kb3 50. h8Q Ka2 51. Qc3 Kb1 52. f4 Ka1 53. f5 Kb1 54. f6 Ka2 55. f7 Ka1 56. f8Q Ka2 57. Qa8+ Kb1 58. Qd3+ Kxb2 59. Qaa3# 1-0

[Event "AUS-ch Major"]
[Site "Cammeray"]
[Date "2018.01.03"]
[Round "3"]
[White "Baterowicz, Mark"]
[Black "Mallari, Donato"]
[Result "0-1"]
[WhiteElo "1732"]
[BlackElo "1986"]
[PlyCount "90"]
[EventDate "2018.01.02"]
[EventType "swiss"]
[EventRounds "11"]
[EventCountry "AUS"]
[SourceTitle "CBM 182 Extra"]
[Source "ChessBase"]
[SourceDate "2018.02.23"]
[SourceVersion "1"]
[SourceVersionDate "2018.02.23"]
[SourceQuality "1"]

1. d4 Nf6 2. Nf3 e6 3. Bg5 d5 4. Nbd2 Be7 5. e3 h6 6. Bh4 Nbd7 7. h3 0-0 8. Bd3 c5 9. c3 b6 10. g4 g5 11. Bg3 Bb7 12. h4 Ne4 13. hxg5 hxg5 14. Qe2 Kg7 15. 0-0-0 Rh8 16. Bb5 Nxg3 17. fxg3 Qc7 18. Bxd7 Qxd7 19. Ne5 Qc7 20. Qf2 f6 21. Nef3 Bd6 22. Rh5 Rxh5 23. gxh5 Bxg3 24. Qg2 g4 25. Ne5 Bxe5 26. Qxg4+ Kh8 27. dxe5 Rg8 28. Qxe6 Qxe5 29. Qxe5 fxe5 30. Nf3 e4 31. Ne5 Rg3 32. Nf7+ Kh7 33. Nd6 Ba8 34. c4 Rg5 35. cxd5 Rxd5 36. Nc8 Rxd1+ 37. Kxd1 Bc6 38. Nxa7 Bd7 39. Kd2 Kh6 40. Kc3 Kxh5 41. Kc4 Kg4 42. Kc3 Kf3 43. Kd2 b5 44. a3 c4 45. a4 bxa4 0-1

[Event "Oceania zt"]
[Site "Cammeray"]
[Date "2015.07.08"]
[Round "7"]
[White "Korenevski, Oleg"]
[Black "Baterowicz, Mark"]
[Result "1/2-1/2"]
[WhiteElo "1940"]
[BlackElo "1686"]
[PlyCount "35"]
[EventDate "2015.07.04"]
[EventType "swiss"]
[EventRounds "9"]
[EventCountry "AUS"]
[SourceTitle "EXT 2017"]
[Source "ChessBase"]
[SourceDate "2016.10.25"]
[SourceVersion "1"]
[SourceVersionDate "2016.10.25"]
[SourceQuality "1"]

1. e4 e5 2. Nc3 Nf6 3. Bc4 Be7 4. d3 0-0 5. f4 d6 6. Nf3 exf4 7. Bxf4 Be6 8. Bxe6 fxe6 9. 0-0 Nxe4 10. dxe4 Rxf4 11. Nd4 Rxf1+ 12. Qxf1 Nc6 13. Nxe6 Qd7 14. Qf5 g6 15. Qh3 Ne5 16. Rf1 c6 17. Nf4 Qxh3 18. Nxh3 1/2-1/2

[Event "Oceania zt"]
[Site "Cammeray"]
[Date "2015.07.04"]
[Round "1"]
[White "Baterowicz, Mark"]
[Black "Mallari, Donato"]
[Result "0-1"]
[WhiteElo "1686"]
[BlackElo "1988"]
[PlyCount "150"]
[EventDate "2015.07.04"]
[EventType "swiss"]
[EventRounds "9"]
[EventCountry "AUS"]
[SourceTitle "CBM 167 Extra"]
[Source "ChessBase"]
[SourceDate "2015.09.14"]
[SourceVersion "1"]
[SourceVersionDate "2015.09.14"]
[SourceQuality "1"]

1. d4 Nf6 2. Nf3 g6 3. Bg5 Bg7 4. Nbd2 d5 5. e3 h6 6. Bh4 g5 7. Bg3 Nh5 8. Be5 f6 9. Nh4 Nf4 10. Bxf4 h5 11. Bxg5 fxg5 12. Ng6 Rh6 13. Bd3 c5 14. c3 Qb6 15. Ne5 Bxe5 16. dxe5 Qxb2 17. Rc1 Nc6 18. Be2 g4 19. Rc2 Qa3 20. h3 Bf5 21. e4 dxe4 22. hxg4 Bg6 23. Nc4 Qa4 24. Qc1 Rh8 25. Rb2 Rb8 26. Qg5 Bf7 27. Ne3 Qa5 28. Rc2 Nd4 29. Rc1 Qa3 30. Nf5 Nxf5 31. gxf5 e6 32. fxe6 Bxe6 33. Bxh5+ Kd7 34. Rd1+ Kc6 35. Qe3 Bxa2 36. Qxe4+ Kb6 37. Rh3 Rh6 38. Qf4 Rbh8 39. Rd6+ Rxd6 40. exd6 Be6 41. g4 Qa1+ 42. Kd2 Qb2+ 43. Ke1 Qb1+ 44. Ke2 Qc2+ 45. Qd2 Qe4+ 46. Re3 Bxg4+ 47. Bxg4 Qxg4+ 48. Kd3 Rd8 49. Kc2 Qg6+ 50. Kb2 Qxd6 51. Qe2 Qd2+ 52. Kb3 Qxe2 53. Rxe2 Rf8 54. Kc4 Kc6 55. Re6+ Kd7 56. Re2 Rf5 57. Rb2 Kc6 58. Ra2 a6 59. Re2 b5+ 60. Kb3 Rf3 61. Kb2 Kd5 62. Rd2+ Kc4 63. Rc2 Kd3 64. Kb3 a5 65. Kb2 a4 66. c4 b4 67. Kc1 a3 68. Rd2+ Kxc4 69. Rc2+ Kb5 70. Kb1 b3 71. Re2 Kb4 72. Re4+ c4 73. Re2 Kc5 74. Kc1 Kd4 75. Kb1 c3 0-1

[Event "Australian op"]
[Site "Cammeray"]
[Date "2013.01.06"]
[Round "6"]
[White "Holt, Kenneth P"]
[Black "Baterowicz, Mark"]
[Result "1-0"]
[WhiteElo "1907"]
[BlackElo "1788"]
[PlyCount "73"]
[EventDate "2013.01.02"]
[EventType "swiss"]
[EventRounds "11"]
[EventCountry "AUS"]
[SourceTitle "CBM 152 Extra"]
[Source "ChessBase"]
[SourceDate "2013.02.25"]
[SourceVersion "1"]
[SourceVersionDate "2013.02.25"]
[SourceQuality "1"]

1. d4 Nf6 2. c4 g6 3. Nc3 Bg7 4. e4 d6 5. f3 0-0 6. Be3 Nc6 7. Nge2 a6 8. Nc1 b6 9. Be2 Bb7 10. Nb3 Re8 11. 0-0 e6 12. Qd3 Nd7 13. Rad1 Qe7 14. Bg5 f6 15. Bh4 Rac8 16. a3 Qf8 17. d5 exd5 18. exd5 Ne7 19. Nd4 Bh6 20. f4 Qf7 21. Qc2 c6 22. dxc6 Nxc6 23. Nxc6 Bxc6 24. Rxd6 Qe7 25. Qd1 Qe3+ 26. Bf2 Qe7 27. Qd4 Bf8 28. c5 bxc5 29. Qc4+ Kg7 30. Rd2 Bb7 31. Rfd1 Nb6 32. Qb3 Qc7 33. a4 Bc6 34. Bg3 f5 35. a5 Nd7 36. Bf3 Bxf3 37. Rxd7+ 1-0

[Event "Australian op"]
[Site "Cammeray"]
[Date "2013.01.05"]
[Round "4"]
[White "Yin, Wenlin"]
[Black "Baterowicz, Mark"]
[Result "1-0"]
[WhiteElo "1926"]
[BlackElo "1788"]
[PlyCount "57"]
[EventDate "2013.01.02"]
[EventType "swiss"]
[EventRounds "11"]
[EventCountry "AUS"]
[SourceTitle "CBM 152 Extra"]
[Source "ChessBase"]
[SourceDate "2013.02.25"]
[SourceVersion "1"]
[SourceVersionDate "2013.02.25"]
[SourceQuality "1"]

1. e4 e5 2. Nf3 Nc6 3. Bb5 f5 4. d3 fxe4 5. dxe4 d6 6. 0-0 Bg4 7. h3 Bd7 8. Nc3 a6 9. Bc4 Na5 10. Bxg8 Rxg8 11. Qd5 Rh8 12. Qxa5 b6 13. Qd5 c6 14. Qb3 Rb8 15. a4 Qf6 16. Qc4 b5 17. axb5 axb5 18. Qd3 h6 19. Be3 Bxh3 20. gxh3 Qxf3 21. Ba7 Qxd3 22. cxd3 Rb7 23. f4 d5 24. Kg2 exf4 25. exd5 b4 26. dxc6 Rxa7 27. Rxa7 bxc3 28. Ra8+ Ke7 29. c7 1-0

[Event "Australian op"]
[Site "Cammeray"]
[Date "2013.01.04"]
[Round "3"]
[White "Baterowicz, Mark"]
[Black "London, Shane"]
[Result "1-0"]
[WhiteElo "1788"]
[BlackElo "1683"]
[PlyCount "91"]
[EventDate "2013.01.02"]
[EventType "swiss"]
[EventRounds "11"]
[EventCountry "AUS"]
[SourceTitle "CBM 152 Extra"]
[Source "ChessBase"]
[SourceDate "2013.02.25"]
[SourceVersion "1"]
[SourceVersionDate "2013.02.25"]
[SourceQuality "1"]

1. d4 f5 2. e4 fxe4 3. Nc3 Nf6 4. g4 h6 5. Bf4 c6 6. Qe2 d5 7. h3 Qb6 8. 0-0-0 e6 9. a3 Bd7 10. f3 e3 11. Qxe3 c5 12. Be5 Nc6 13. Bxf6 gxf6 14. Nxd5 Qd8 15. Bd3 Rg8 16. dxc5 Kf7 17. Nf4 Qe7 18. Bc4 Ne5 19. Bb3 Rc8 20. Rxd7 Nxd7 21. Bxe6+ Kg7 22. Qd3 Ne5 23. Qf5 Rxc5 24. Bxg8 Kxg8 25. Nge2 Bg7 26. Qe6+ Qxe6 27. Nxe6 Rc6 28. Nxg7 Kxg7 29. f4 Nd3+ 30. Kd2 Nf2 31. Rh2 Ne4+ 32. Ke3 Nd6 33. Nd4 Rb6 34. b3 Ra6 35. a4 Kf7 36. h4 Rb6 37. g5 Kg6 38. h5+ Kg7 39. g6 Nc8 40. Nf5+ Kg8 41. Nxh6+ Kg7 42. Nf5+ Kg8 43. h6 Re6+ 44. Kf3 Ne7 45. h7+ Kh8 46. g7# 1-0

[Event "AUS-ch Major"]
[Site "Cammeray"]
[Date "2011.01.05"]
[Round "4"]
[White "Baterowicz, Mark"]
[Black "Egan, Bill"]
[Result "1-0"]
[WhiteElo "1801"]
[BlackElo "1740"]
[PlyCount "71"]
[EventDate "2011.01.02"]
[EventType "swiss"]
[EventRounds "11"]
[EventCountry "AUS"]
[SourceTitle "CBM 140 Extra"]
[Source "ChessBase"]
[SourceDate "2011.03.01"]
[SourceVersion "1"]
[SourceVersionDate "2011.03.01"]
[SourceQuality "1"]

1. d4 d5 2. Nf3 e6 3. Bf4 c5 4. e3 Qb6 5. Qc1 Nc6 6. c3 cxd4 7. exd4 Nf6 8. Nbd2 Be7 9. Bd3 Bd7 10. 0-0 Rc8 11. Rb1 0-0 12. Qd1 Nh5 13. Bg5 Qd8 14. Be3 g6 15. Bh6 Ng7 16. Qe2 Re8 17. Ne5 Nxe5 18. dxe5 Bg5 19. Bxg5 Qxg5 20. f4 Qe7 21. Rf3 Qc5+ 22. Kh1 d4 23. Ne4 Qc7 24. Nf6+ Kf8 25. Nxe8 Kxe8 26. cxd4 Bc6 27. Rff1 Rd8 28. Bb5 Rxd4 29. Bxc6+ Qxc6 30. Rbc1 Qd5 31. Rcd1 Nf5 32. Rxd4 Qxd4 33. Qf2 Qc4 34. b3 Qd3 35. Rc1 Ne3 36. Qf3 1-0

[Event "AUS-ch Major"]
[Site "Cammeray"]
[Date "2010.01.09"]
[Round "7"]
[White "Voon, Richard"]
[Black "Baterowicz, Mark"]
[Result "0-1"]
[WhiteElo "1830"]
[BlackElo "1656"]
[PlyCount "104"]
[EventDate "2010.01.02"]
[EventType "swiss"]
[EventRounds "11"]
[EventCountry "AUS"]
[SourceTitle "EXT 2011"]
[Source "ChessBase"]
[SourceDate "2010.11.26"]
[SourceVersion "1"]
[SourceVersionDate "2010.11.26"]
[SourceQuality "1"]

1. Nf3 d5 2. d4 g6 3. c4 c6 4. Nc3 Bg7 5. e4 dxe4 6. Nxe4 Bf5 7. Ng3 Bg4 8. Be3 Nf6 9. Be2 0-0 10. h3 Bc8 11. 0-0 Nbd7 12. a4 a5 13. Qd2 Re8 14. Rfd1 e6 15. Bh6 Bh8 16. b4 axb4 17. Qxb4 c5 18. dxc5 Qc7 19. Be3 Ra5 20. c6 bxc6 21. Ra2 Ba6 22. Rad2 c5 23. Rxd7 Nxd7 24. Rxd7 cxb4 25. Rxc7 b3 26. Bd1 b2 27. Bc2 Rxa4 28. Nd2 Ra1+ 29. Kh2 Rc1 30. Bb1 Rd8 31. Ba2 Ra1 32. Bb1 Rxd2 33. Bxd2 Rxb1 34. Rd7 Rh1+ 35. Nxh1 Be5+ 36. Ng3 b1Q 37. Bh6 Qb8 38. Bg5 Kg7 39. Rd8 Qc7 40. Re8 Qxc4 41. Be7 f6 42. Ba3 Qc6 43. Re7+ Kg8 44. h4 Bb7 45. f3 Bd6 46. Bxd6 Qxd6 47. Rxb7 Qf4 48. Kh3 g5 49. hxg5 fxg5 50. Rg7+ Kh8 51. Kh2 Qh4+ 52. Kg1 Kxg7 0-1

[Event "AUS-ch Major"]
[Site "Cammeray"]
[Date "2010.01.07"]
[Round "5"]
[White "Anderson, Michael"]
[Black "Baterowicz, Mark"]
[Result "0-1"]
[WhiteElo "1356"]
[BlackElo "1656"]
[PlyCount "76"]
[EventDate "2010.01.02"]
[EventType "swiss"]
[EventRounds "11"]
[EventCountry "AUS"]
[SourceTitle "EXT 2011"]
[Source "ChessBase"]
[SourceDate "2010.11.26"]
[SourceVersion "1"]
[SourceVersionDate "2010.11.26"]
[SourceQuality "1"]

1. d4 Nf6 2. Nf3 g6 3. e3 Bg7 4. Bd3 d6 5. c3 0-0 6. Nbd2 b6 7. 0-0 Bb7 8. Qe2 Nbd7 9. e4 Nh5 10. Nb3 Nhf6 11. Nbd2 Rc8 12. Re1 c6 13. e5 dxe5 14. dxe5 Nd5 15. Bc4 Nc5 16. Nb3 Ne6 17. Nbd4 c5 18. Nxe6 fxe6 19. Ng5 Qd7 20. Qg4 Rf5 21. f4 Rcf8 22. g3 h5 23. Qe2 Bh6 24. Bd3 Qc6 25. h4 Bxg5 26. Bxf5 Rxf5 27. hxg5 h4 28. c4 Nxf4 29. gxf4 Qh1+ 30. Kf2 Qh2+ 31. Ke3 Qxf4+ 32. Kd3 Qd4+ 33. Kc2 Rf2 34. Qxf2 Qxf2+ 35. Bd2 h3 36. Rf1 Be4+ 37. Kb3 Qg3+ 38. Ka4 Bc6# 0-1

[Event "AUS-ch Major"]
[Site "Cammeray"]
[Date "2010.01.04"]
[Round "3"]
[White "Barcelona, Eliel"]
[Black "Baterowicz, Mark"]
[Result "1-0"]
[WhiteElo "1435"]
[BlackElo "1656"]
[PlyCount "55"]
[EventDate "2010.01.02"]
[EventType "swiss"]
[EventRounds "11"]
[EventCountry "AUS"]
[SourceTitle "EXT 2011"]
[Source "ChessBase"]
[SourceDate "2010.11.26"]
[SourceVersion "1"]
[SourceVersionDate "2010.11.26"]
[SourceQuality "1"]

1. e4 e5 2. Nf3 Nc6 3. Bc4 Bc5 4. b4 Bd6 5. c3 Qe7 6. 0-0 f6 7. d4 exd4 8. cxd4 Bxb4 9. a3 Ba5 10. Bb2 d6 11. h3 Bd7 12. Nc3 Bxc3 13. Bxc3 0-0-0 14. Rb1 b6 15. a4 Qxe4 16. Re1 Qf5 17. a5 Nge7 18. axb6 cxb6 19. Rb5 Ne5 20. dxe5 Bxb5 21. Bxb5 dxe5 22. Qa4 Kb8 23. Nxe5 fxe5 24. Bxe5+ Kb7 25. Qa6+ Ka8 26. Bg3 Qc8 27. Rxe7 Qxa6 28. Bc6+ 1-0

[Event "Sydney op-B"]
[Site "Parramatta"]
[Date "2009.04.19"]
[Round "9"]
[White "Christensen, Joshua"]
[Black "Baterowicz, Mark"]
[Result "0-1"]
[WhiteElo "1865"]
[BlackElo "1808"]
[PlyCount "64"]
[EventDate "2009.04.15"]
[EventType "swiss"]
[EventRounds "9"]
[EventCountry "AUS"]
[SourceTitle "EXT 2012"]
[Source "ChessBase"]
[SourceDate "2011.11.24"]
[SourceVersion "1"]
[SourceVersionDate "2011.11.24"]
[SourceQuality "1"]

1. d4 d5 2. c4 dxc4 3. e3 Nf6 4. Bxc4 e6 5. Nf3 Be7 6. 0-0 0-0 7. Nc3 b6 8. Qe2 Bb7 9. a3 a5 10. e4 h6 11. Bf4 Nh5 12. Be3 Nf6 13. Bd3 c6 14. Rac1 Nbd7 15. Rfd1 Qb8 16. e5 Nh7 17. Qc2 Ng5 18. Nxg5 Bxg5 19. Bxg5 hxg5 20. Ne4 Qd8 21. Nd6 Ba6 22. Bxa6 Rxa6 23. Qxc6 Ra8 24. Qc7 Qe7 25. Rc6 Rab8 26. Rd3 f6 27. b3 fxe5 28. dxe5 b5 29. Ra6 g4 30. Ra7 Qg5 31. Ne4 Qg6 32. Nd6 Qxd3 0-1

[Event "AUS-ch Major"]
[Site "Parramatta"]
[Date "2008.01.05"]
[Round "6"]
[White "Baterowicz, Mark"]
[Black "Buciu, John Aurel"]
[Result "0-1"]
[WhiteElo "1545"]
[BlackElo "1502"]
[PlyCount "98"]
[EventDate "2008.01.02"]
[EventType "swiss"]
[EventRounds "11"]
[EventCountry "AUS"]
[SourceTitle "EXT 2010"]
[Source "ChessBase"]
[SourceDate "2010.11.25"]
[SourceVersion "1"]
[SourceVersionDate "2010.11.25"]
[SourceQuality "1"]

1. d4 d5 2. Nf3 Bf5 3. Bf4 Nf6 4. Nbd2 e6 5. e3 Be7 6. Nh4 Bg6 7. Nxg6 hxg6 8. h3 Bd6 9. Bxd6 Qxd6 10. c3 c6 11. Qb3 Qc7 12. Be2 Nbd7 13. 0-0-0 a5 14. a3 b5 15. g4 Nb6 16. g5 Nfd7 17. e4 dxe4 18. Nxe4 Qf4+ 19. Nd2 Qxg5 20. Bf3 a4 21. Qb4 Nd5 22. Qd6 Rc8 23. Qh2 Qf4 24. Qg2 N7b6 25. Kb1 Nc4 26. Ne4 Ke7 27. Ka2 Na5 28. Nc5 Rc7 29. Rhe1 Rd8 30. Bg4 Rd6 31. Ne4 Nc4 32. Nxd6 Qxd6 33. h4 Nxc3+ 34. Ka1 Nxd1 35. Rxd1 Qd5 36. Bf3 Qd6 37. Qg5+ Ke8 38. h5 Qe7 39. Qg3 g5 40. Re1 Qd6 41. Qg2 Qxd4 42. Bxc6+ Kf8 43. Rb1 Qc5 44. Bxb5 Qxb5 45. Qa8+ Qe8 46. Qe4 Qd8 47. Qg4 Qf6 48. Qg3 Rb7 49. Qd3 Rxb2 0-1